[Event "Mallorca-chT Preferente"]
[Site "Palma de Mallorca"]
[Date "2012.03.03"]
[Round "5.3"]
[White "Segura Ariza, Jose Luis"]
[Black "Munoz Visiedo, Juan Carlos"]
[Result "1/2-1/2"]
[WhiteElo "2181"]
[BlackElo "2141"]
[PlyCount "76"]
[EventDate "2012.01.28"]
[EventType "team"]
[EventRounds "9"]
[EventCountry "ESP"]
[SourceTitle "EXT 2014"]
[Source "ChessBase"]
[SourceDate "2013.11.20"]
[SourceVersion "1"]
[SourceVersionDate "2013.11.20"]
[SourceQuality "1"]
[WhiteTeam "Dimonis Algaida"]
[BlackTeam "Tropic"]
[WhiteTeamCountry "ESP"]
[BlackTeamCountry "ESP"]

1. Nf3 Nf6 2. c4 c5 3. Nc3 g6 4. b3 Nc6 5. Bb2 Bg7 6. Nd5 e6 7. Nxf6+ Bxf6 8. Bxf6 Qxf6 9. e3 d6 10. Rb1 e5 11. d3 Bf5 12. Nd2 Nb4 13. e4 Be6 14. Rb2 Nc6 15. Be2 Nd4 16. b4 b6 17. Nf1 h5 18. h4 0-0 19. Ne3 Rfc8 20. g3 cxb4 21. Rxb4 Rc5 22. Kf1 Rac8 23. a4 Kg7 24. Kg2 Qd8 25. Qd2 Qd7 26. Bd1 f5 27. exf5 Qc6+ 28. Kh2 Nxf5 29. Nxf5+ Bxf5 30. Qg5 Rf8 31. f4 exf4 32. Re1 fxg3+ 33. Kxg3 Bg4 34. Re7+ Rf7 35. Rxf7+ Kxf7 36. Qd2 Bxd1 37. Qxd1 Rf5 38. Rb5 d5 1/2-1/2

[Event "Calvia op"]
[Site "Calvia"]
[Date "2006.10.15"]
[Round "5.17"]
[White "Sarto Ramos, Angel"]
[Black "Segura Ariza, Jose Luis"]
[Result "1-0"]
[WhiteElo "2069"]
[BlackElo "2238"]
[PlyCount "73"]
[EventDate "2006.10.11"]
[EventType "swiss"]
[EventRounds "9"]
[EventCountry "ESP"]
[SourceTitle "EXT 2007"]
[Source "ChessBase"]
[SourceDate "2006.11.23"]
[SourceVersion "1"]
[SourceVersionDate "2006.11.23"]
[SourceQuality "1"]

1. d4 d5 2. Nf3 c6 3. Nbd2 Bf5 4. e3 e6 5. g3 Bd6 6. Nh4 Nf6 7. Nxf5 exf5 8. Bg2 h5 9. h4 Ne4 10. c4 Nd7 11. Qa4 Kf8 12. cxd5 cxd5 13. Qb5 Nb6 14. Nxe4 fxe4 15. Bd2 Nc4 16. Bb4 a6 17. Bxd6+ Qxd6 18. Qb3 b5 19. Ke2 Rh6 20. Rhd1 Rf6 21. Rac1 a5 22. Qc2 Qe6 23. Ke1 Qg4 24. Bf1 Nd6 25. Qe2 Qf5 26. b3 g6 27. Rc5 a4 28. b4 a3 29. Qd2 Ra4 30. Rb1 Qf3 31. Qe2 Qh1 32. Rxd5 Nc4 33. Rxb5 Nb2 34. Rxb2 axb2 35. Qxb2 Ra7 36. Rb8+ Kg7 37. d5 1-0

[Event "ESP-chT Premier North"]
[Site "Barcelona"]
[Date "2005.08.14"]
[Round "6"]
[White "Segura Ariza, Jose Luis"]
[Black "Guerrero Olmos, Sergio"]
[Result "1/2-1/2"]
[WhiteElo "2204"]
[BlackElo "2279"]
[PlyCount "118"]
[EventDate "2005.08.01"]
[EventType "team"]
[EventRounds "6"]
[EventCountry "ESP"]
[SourceTitle "CBM 107 Extra"]
[Source "ChessBase"]
[SourceDate "2005.09.01"]
[SourceVersion "1"]
[SourceVersionDate "2005.09.01"]
[SourceQuality "1"]

1. d4 Nf6 2. c4 e5 3. dxe5 Ng4 4. Bf4 Nc6 5. Nf3 Bb4+ 6. Nbd2 Qe7 7. e3 Ngxe5 8. Nxe5 Nxe5 9. Be2 0-0 10. 0-0 Bxd2 11. Qxd2 d6 12. Qc3 Bd7 13. c5 Bc6 14. Rfd1 Rfd8 15. Rd2 f6 16. cxd6 Rxd6 17. Rxd6 cxd6 18. Rd1 Rd8 19. Qa5 b6 20. Qc3 Be8 21. Rc1 Bf7 22. a4 Be6 23. Ba6 Qf7 24. f3 h5 25. Qc7 Qxc7 26. Rxc7 Rd7 27. Rc3 Kf7 28. e4 g5 29. Be3 d5 30. exd5 Rxd5 31. Kf2 Ke7 32. b4 Bf5 33. Bb7 Rd3 34. Rc7+ Kd6 35. Rg7 Rb3 36. Ba6 Rb2+ 37. Kg1 Bd3 38. Bxd3 Nxd3 39. h4 gxh4 40. b5 Re2 41. Bd4 Nf4 42. Bxf6 Ra2 43. Bxh4 Ke6 44. Re7+ Kd5 45. g3 Ra1+ 46. Kf2 Ra2+ 47. Kf1 Ra1+ 48. Kf2 Ra2+ 49. Kf1 Ra1+ 50. Re1 Rxe1+ 51. Kxe1 Nd3+ 52. Kd2 Nc5 53. g4 hxg4 54. fxg4 Ke4 55. Bg3 Kf3 56. Bb8 a6 57. bxa6 Nxa6 58. Bd6 Kxg4 59. Kc3 Kf5 1/2-1/2

[Event "ESP-chT Premier North"]
[Site "Barcelona"]
[Date "2005.08.13"]
[Round "5"]
[White "Garcia Gonzalez, Fernando"]
[Black "Segura Ariza, Jose Luis"]
[Result "1-0"]
[WhiteElo "2159"]
[BlackElo "2204"]
[PlyCount "98"]
[EventDate "2005.08.01"]
[EventType "team"]
[EventRounds "6"]
[EventCountry "ESP"]
[SourceTitle "CBM 107 Extra"]
[Source "ChessBase"]
[SourceDate "2005.09.01"]
[SourceVersion "1"]
[SourceVersionDate "2005.09.01"]
[SourceQuality "1"]

1. Nf3 d5 2. d4 c6 3. c4 e6 4. cxd5 exd5 5. Nc3 Bf5 6. Qb3 Qb6 7. Bf4 Qxb3 8. axb3 Nd7 9. e3 Ngf6 10. Be2 Be7 11. 0-0 Ne4 12. Nxe4 Bxe4 13. Nd2 Bf5 14. f3 Bb4 15. e4 Bxd2 16. Bxd2 dxe4 17. fxe4 Bxe4 18. Bg4 Bd5 19. Bb4 Nf8 20. Bc5 a6 21. b4 Ne6 22. Rfe1 0-0-0 23. b5 cxb5 24. Ba7 Rd6 25. Re5 Rhd8 26. Rc1+ Rc6 27. Rf1 Rd7 28. Rff5 Rc1+ 29. Kf2 Rc2+ 30. Ke3 Rxg2 31. Bd1 g6 32. Rf6 Rxh2 33. Bg4 h5 34. Rxd5 Rxd5 35. Bf3 Rf5 36. Rxf5 gxf5 37. d5 Ng5 38. Bd1 h4 39. Kf4 Rd2 40. Bh5 Ne4 41. Bxf7 Kc7 42. Be3 Rxb2 43. Bd4 Rb4 44. Be5+ Nd6+ 45. Kg5 Rg4+ 46. Kf6 Re4 47. Bh2 f4 48. Bh5 a5 49. Bg6 Rc4 1-0

[Event "ESP-chT Premier North"]
[Site "Barcelona"]
[Date "2005.08.11"]
[Round "1"]
[White "Segura Ariza, Jose Luis"]
[Black "Hernando Rodrigo, Julio Antonio"]
[Result "1-0"]
[WhiteElo "2204"]
[BlackElo "2371"]
[PlyCount "31"]
[EventDate "2005.08.01"]
[EventType "team"]
[EventRounds "6"]
[EventCountry "ESP"]
[SourceTitle "CBM 107 Extra"]
[Source "ChessBase"]
[SourceDate "2005.09.01"]
[SourceVersion "1"]
[SourceVersionDate "2005.09.01"]
[SourceQuality "1"]

1. d4 Nf6 2. c4 e6 3. Nc3 Bb4 4. f3 d5 5. a3 Bxc3+ 6. bxc3 b6 7. cxd5 exd5 8. e3 0-0 9. Ra2 a5 10. Bd3 Ba6 11. g4 c5 12. Rg2 cxd4 13. cxd4 Qe7 14. Ne2 Rc8 15. 0-0 Bxd3 16. Qxd3 1-0

[Event "Binissalem op 17th"]
[Site "Binissalem"]
[Date "2004.10.08"]
[Round "8"]
[White "Segura Ariza, Jose Luis"]
[Black "Iturrizaga Bonelli, Eduardo"]
[Result "0-1"]
[WhiteElo "2218"]
[BlackElo "2280"]
[PlyCount "48"]
[EventDate "2004.10.02"]
[EventType "swiss"]
[EventRounds "9"]
[EventCountry "ESP"]
[SourceTitle "EXT 2006"]
[Source "ChessBase"]
[SourceDate "2005.11.24"]
[SourceVersion "1"]
[SourceVersionDate "2005.11.24"]
[SourceQuality "1"]

1. d4 Nf6 2. c4 c5 3. d5 b5 4. Nf3 g6 5. Qc2 d6 6. e4 Bg7 7. cxb5 a6 8. a4 0-0 9. Nc3 axb5 10. Bxb5 Na6 11. 0-0 Nb4 12. Qe2 Ne8 13. h3 Nc7 14. Bc4 Bb7 15. Rd1 Ra5 16. Bg5 Re8 17. Rd2 Qa8 18. Nb5 Nxb5 19. Bxb5 Ba6 20. Re1 Rxa4 21. e5 Bxb5 22. Qxb5 Rb8 23. Qd7 Rb7 24. Qg4 Nc2 0-1

[Event "Binissalem op 17th"]
[Site "Binissalem"]
[Date "2004.10.03"]
[Round "3"]
[White "Hernandez Graterol, Zaida"]
[Black "Segura Ariza, Jose Luis"]
[Result "0-1"]
[WhiteElo "2060"]
[BlackElo "2218"]
[PlyCount "112"]
[EventDate "2004.10.02"]
[EventType "swiss"]
[EventRounds "9"]
[EventCountry "ESP"]
[SourceTitle "EXT 2006"]
[Source "ChessBase"]
[SourceDate "2005.11.24"]
[SourceVersion "1"]
[SourceVersionDate "2005.11.24"]
[SourceQuality "1"]

1. e4 c5 2. Nf3 e6 3. d4 cxd4 4. Nxd4 Nf6 5. Bd3 Nc6 6. Nxc6 bxc6 7. 0-0 d5 8. Nc3 Be7 9. e5 Nd7 10. Re1 a5 11. Qg4 Kf8 12. Bf4 Qb6 13. Ne2 h5 14. Qg3 c5 15. c4 d4 16. b3 Bb7 17. h4 Qd8 18. Bg5 Bxg5 19. hxg5 h4 20. Qf4 Qc7 21. Be4 Bxe4 22. Qxe4 Rb8 23. Nf4 Qb7 24. Qxb7 Rxb7 25. g6 Ke7 26. gxf7 Kxf7 27. Nh3 Rh5 28. f4 Kg6 29. Rad1 Kf5 30. Rf1 Rh8 31. Rf3 a4 32. g4+ Kxg4 33. Kf2 Kh5 34. Rg1 g6 35. Ng5 Nf8 36. Ne4 axb3 37. axb3 Nd7 38. Nd6 Ra7 39. Rg5+ Kh6 40. Nf7+ Kg7 41. Nxh8 Kxh8 42. Rh3 Kh7 43. Rxh4+ Kg7 44. Rg3 Ra2+ 45. Kg1 Ra1+ 46. Kh2 Rb1 47. Rhg4 Kf7 48. Rd3 Ke7 49. Rg2 Ra1 50. b4 cxb4 51. Rxd4 Nc5 52. Rb2 b3 53. Kg3 Rc1 54. Kf3 Rc3+ 55. Kg4 Nd3 56. Rb1 Nf2+ 0-1

[Event "Son Dameto Mestres 2nd"]
[Site "Son Dameto"]
[Date "2003.12.28"]
[Round "2.2"]
[White "Segura Ariza, Jose Luis"]
[Black "Galiana Salom, Juan Ramon"]
[Result "0-1"]
[WhiteElo "2218"]
[BlackElo "2355"]
[PlyCount "27"]
[EventDate "2003.12.27"]
[EventType "tourn"]
[EventRounds "9"]
[EventCountry "ESP"]
[SourceTitle "EXT 2005"]
[Source "ChessBase"]
[SourceDate "2004.11.15"]
[SourceVersion "1"]
[SourceVersionDate "2004.11.15"]
[SourceQuality "1"]

1. c4 f5 2. d4 c6 3. Nc3 d6 4. Bf4 g6 5. Qd2 Bg7 6. 0-0-0 Be6 7. e4 Qa5 8. exf5 Bxf5 9. Re1 Na6 10. Bd3 Nb4 11. Bb1 0-0-0 12. a3 Na6 13. Nf3 e5 14. Be3 0-1

[Event "Mallorca Hotelsviva 1st"]
[Site "Mallorca"]
[Date "2003.10.21"]
[Round "4.4"]
[White "Minzer, Claudio Javier"]
[Black "Segura Ariza, Jose Luis"]
[Result "1-0"]
[WhiteElo "2417"]
[BlackElo "2218"]
[PlyCount "79"]
[EventDate "2003.10.18"]
[EventType "tourn"]
[EventRounds "9"]
[EventCountry "ESP"]
[EventCategory "4"]
[SourceTitle "EXT 2004"]
[Source "ChessBase"]
[SourceDate "2003.11.25"]
[SourceVersion "1"]
[SourceVersionDate "2003.11.25"]
[SourceQuality "1"]

1. g3 d5 2. Nf3 c6 3. Bg2 Nf6 4. b3 g6 5. Bb2 Bg7 6. 0-0 0-0 7. c4 a5 8. Qc2 Bf5 9. d3 Na6 10. a3 Rc8 11. Nbd2 b5 12. Rac1 a4 13. c5 axb3 14. Nxb3 Ra8 15. Ne5 Nb8 16. e4 Bc8 17. f4 Ra4 18. h3 dxe4 19. dxe4 Be6 20. Nd2 Qc7 21. g4 Nfd7 22. Nxd7 Nxd7 23. e5 Rd8 24. Rf2 Nb8 25. Ne4 Bd5 26. Qe2 Rc4 27. Rxc4 Bxc4 28. Qe1 Nd7 29. Bc3 Ra8 30. Qc1 f6 31. exf6 Nxf6 32. Nxf6+ Bxf6 33. Bxf6 exf6 34. Qc3 Qa5 35. Rc2 Qd8 36. Rd2 Qe7 37. Rd6 Rd8 38. Qd4 Re8 39. Kh2 Kf7 40. Rd7 1-0

[Event "Mallorca Hotelsviva 1st"]
[Site "Mallorca"]
[Date "2003.10.20"]
[Round "3.3"]
[White "Segura Ariza, Jose Luis"]
[Black "Carrasco Martinez, Juan Manuel"]
[Result "0-1"]
[WhiteElo "2218"]
[BlackElo "2370"]
[PlyCount "70"]
[EventDate "2003.10.18"]
[EventType "tourn"]
[EventRounds "9"]
[EventCountry "ESP"]
[EventCategory "4"]
[SourceTitle "EXT 2004"]
[Source "ChessBase"]
[SourceDate "2003.11.25"]
[SourceVersion "1"]
[SourceVersionDate "2003.11.25"]
[SourceQuality "1"]

1. d4 Nf6 2. c4 c5 3. d5 b5 4. f3 bxc4 5. e4 d6 6. Bxc4 g6 7. Ne2 Nbd7 8. Nbc3 Bg7 9. Rb1 Rb8 10. 0-0 0-0 11. a3 a5 12. Kh1 Ne8 13. Bb5 Nc7 14. a4 Nxb5 15. Nxb5 Ba6 16. Nec3 Nb6 17. Bg5 Qd7 18. Re1 Nxa4 19. Qxa4 Bxb5 20. Nxb5 Rxb5 21. Bxe7 Rfb8 22. Bh4 Qc7 23. Bg3 h5 24. h3 Rxb2 25. Rxb2 Bxb2 26. f4 Bc3 27. Rd1 Bg7 28. e5 Bf8 29. Kh2 c4 30. Rc1 Rc8 31. e6 c3 32. f5 fxe6 33. dxe6 gxf5 34. Qa2 Qc4 35. Qc2 Qxe6 0-1

[Event "Linares Anibal op 10th"]
[Site "Linares"]
[Date "2003.02.28"]
[Round "1"]
[White "Halkias, Stelios"]
[Black "Segura Ariza, Jose Luis"]
[Result "1-0"]
[WhiteElo "2521"]
[BlackElo "2215"]
[PlyCount "41"]
[EventDate "2003.02.28"]
[EventType "swiss"]
[EventRounds "10"]
[EventCountry "ESP"]
[SourceTitle "CBM 093 Extra"]
[Source "ChessBase"]
[SourceDate "2003.05.09"]
[SourceVersion "1"]
[SourceVersionDate "2003.05.09"]
[SourceQuality "1"]

1. d4 d5 2. c4 c6 3. Nf3 e6 4. e3 Bd6 5. Bd3 f5 6. h3 Nf6 7. g4 dxc4 8. Bxc4 fxg4 9. hxg4 Nxg4 10. Bd3 Qf6 11. Nc3 Bb4 12. Bd2 Rf8 13. Ne4 Qe7 14. Bxb4 Qxb4+ 15. Nfd2 e5 16. a3 Qa5 17. Nd6+ Kd8 18. Nxb7+ Bxb7 19. Qxg4 exd4 20. Qxg7 Re8 21. Rxh7 1-0

[Event "Palma de Mallorca Mestres 1st"]
[Site "Palma de Mallorca"]
[Date "2003.01.18"]
[Round "7"]
[White "Galiana Salom, Juan Ramon"]
[Black "Segura Ariza, Jose Luis"]
[Result "1-0"]
[WhiteElo "2290"]
[BlackElo "2235"]
[PlyCount "135"]
[EventDate "2002.12.28"]
[EventType "tourn"]
[EventRounds "9"]
[EventCountry "ESP"]
[SourceTitle "EXT 2006"]
[Source "ChessBase"]
[SourceDate "2005.11.24"]
[SourceVersion "1"]
[SourceVersionDate "2005.11.24"]
[SourceQuality "1"]

1. e4 c5 2. Nf3 Nc6 3. d4 cxd4 4. Nxd4 Nf6 5. Nc3 e6 6. Ndb5 Bb4 7. a3 Bxc3+ 8. Nxc3 d5 9. exd5 exd5 10. Bd3 0-0 11. 0-0 h6 12. Bf4 d4 13. Ne4 Nxe4 14. Bxe4 Qf6 15. Qd2 Bf5 16. Bxf5 Qxf5 17. Bg3 Rfd8 18. Qd3 Qxd3 19. cxd3 a5 20. Rfe1 Rd5 21. Re2 Rb5 22. Rae1 Rb3 23. Rd2 Rd8 24. Kf1 f6 25. Rc1 Rd5 26. Ke2 Rdb5 27. Rcc2 Kf7 28. Kd1 Ke6 29. Kc1 Kd5 30. Rd1 a4 31. Rdd2 Ra5 32. Kb1 Ra8 33. Rc1 Re8 34. Ka2 g5 35. h4 f5 36. hxg5 hxg5 37. Bh2 f4 38. Rdc2 Rb5 39. Bg1 Re7 40. Kb1 Re5 41. f3 Re8 42. Bf2 Ne5 43. Rc4 Rxb2+ 44. Kxb2 Nxd3+ 45. Kb1 Nxf2 46. Rc5+ Kd6 47. R5c2 Nd3 48. Rd1 Re3 49. Rcd2 Nc5 50. Rxd4+ Kc6 51. Ka2 Re5 52. Rd6+ Kb5 53. R6d5 Re2+ 54. R1d2 Re1 55. Rxg5 b6 56. Rf5 Kc4 57. Rc2+ Kd3 58. Kb2 Re6 59. Rxf4 Ke3 60. Rfc4 Re5 61. Kc3 Rd5 62. Rb4 Rd6 63. Rcb2 Rd3+ 64. Kc2 Rd2+ 65. Kb1 Rd1+ 66. Ka2 Nb3 67. R4xb3+ axb3+ 68. Kxb3 1-0